000 01055cad a22002535a 4500
001 L151503
008 101110s20101109xxkd f s 000 0 eng d
022 1 _a1465-1076
035 _a(Sirsi) u151503
041 0 _aeng
050 0 4 _a333.33 $2 18
110 2 _aRoyal Institution of Chartered Surveyors
_94900
245 0 0 _aRICS housing market survey United Kingdom
_bOctober 2010
_h[electronic resource]
260 _aLondon
_bRICS
_c2010
490 _aRICS Housing Market Survey United Kingdom
_vOctober 2010
520 _aDemand for property continues to fall. New instructions slip back marginally after recent gains. New enquiries remain negative. Sales expectations continue to be positive.
521 _aAdvanced
590 _aKA
650 2 4 _aRICS HOUSING MARKET SURVEY UNITED KINGDOM
651 4 _aUnited Kingdom
_y
690 _aPROPERTY-RESIDENTIAL PROPERTY-RESIDENTIAL PROPERTY MARKET
856 4 0 _uhttps://www.rics.org/site/download_feed.aspx?fileID=7801&fileExtension=PDF
_zView the item free of charge at www.rics.org
942 _n0
999 _c111413
_d111413